|
|
|
|
| LEADER |
00000nam a2200000 i 4500 |
| 001 |
1/79749 |
| 008 |
990506s1997 eng d |
| 020 |
|
|
|a 0-582-27722-1
|
| 035 |
|
|
|l 10050461
|
| 040 |
|
|
|a GR-MY-UA
|b gre
|e aacr
|
| 041 |
0 |
|
|a eng
|
| 082 |
0 |
|
|a 304.2
|
| 100 |
1 |
|
|a Mannion, Antoinette M.
|
| 245 |
1 |
0 |
|a Global environmental change :
|b a natural and cultural environmental history /
|c A. M. Mannion
|
| 250 |
|
|
|a 2nd ed.
|
| 260 |
|
|
|a New York :
|b Longman,
|c c1997
|
| 300 |
|
|
|a 387 σ.;
|b εικ., χάρτες;
|c 25 εκ.
|
| 504 |
|
|
|a Περιέχει βιβλιογραφικές παραπομπές και ευρετήριο
|
| 650 |
0 |
0 |
|a Nature
|x Effect of human beings on
|x History.
|
| 650 |
0 |
0 |
|a Paleoecology.
|
| 650 |
0 |
0 |
|a Global environmental change.
|
| 852 |
|
|
|a INST
|b LESVOS
|e 19990506
|h 304.2 MAN
|p 005100016338
|q 005100016338
|t BK
|y 4
|x 20191127
|
| 901 |
|
|
|a BIBL1-1999-2
|
| 909 |
|
|
|a Λ
|b 062133
|
| 922 |
|
|
|a 1ΕΛΗ
|b 199812
|c ΚΠΣ/ΤΓ
|d LEADER
|
| 950 |
|
|
|a 118-1998-10-19
|